01150nam a22002657a 45000010005000000030006000050050017000110080041000280200018000690400029000870500013001160820014001291000019001432450043001622500028002052600049002333000043002825050008003255200415003335210029007485210020007776500029007976500031008267000027008575283FISKH20241122145339.0241122b cb ||||| |||| 00| 0 eng d a9780747262770 aFISKHbengcFISKHdFISKH aDU122.Y8 a994.05092 aGaita, Raimond aRomulus, My Father /cby Raimond Gaita aFirst published in 1998 aLondon :bHeadline Book Publishing ;c1998 . a215 pages :billustrations ;c20 cm .  aS  aRomulus Gaita fled Yugoslavia aged thirteen, and came to Australia with his wife and their son soon after World War II. Tragic events were to overtake the boy's life, but Raimond Gaita has an extraordinary and moving tale to tell of growing up with his father in country Victoria. Romulus, My Father is the much-loved story of how a compassionate, honest man taught his son the meaning of living a decent life.8 a790 bLexile estimate 8 aS bRaz-Plus  a AustralianvNon-fiction aautobiographyvNon-fiction aChong, W. H.edesigner